| 000 | 00532 a2200169 4500 | ||
|---|---|---|---|
| 003 | Nust | ||
| 005 | 20221110134740.0 | ||
| 040 | _cNust | ||
| 082 | _a512.1,BRY | ||
| 100 |
_aBryant ,Steven J _9102528 |
||
| 245 |
_aCollege algebra / _cSteven J Bryant |
||
| 260 |
_aCalifornia _bGoodyear Pub |
||
| 300 | _a378 p. | ||
| 505 | _aNumber and Functions (Page-1), Polynomial and Rational Functions (Page-129), Linear Systems (Page-203), Additional Topics (Page-301). | ||
| 650 |
_aCollege Algebra _9102423 |
||
| 942 |
_2ddc _cBK _k512.1,BRY |
||
| 999 |
_c182062 _d182062 |
||